Korean War Quiz - Statistics

General Stats
  • This quiz has been taken 2,392 times
  • The average score is 10 of 15
Answer Stats
Hint Answer % Correct
Country that ruled Korean Peninsula from 1910-1945 Japanese Empire
95%
Year the fighting stopped 1953
93%
Ruler of USSR at the time Josef Stalin
93%
Year the War started 1950
92%
Ruler of China at the time Mao Zedong
84%
The President of the USA at the start of the war Harry S Truman
83%
Number of times Seoul changed hands 4
81%
The President of the USA at the end of the war Dwight David Eisenhower
78%
Ironically, the border between North and South Korea today is called this DMZ
65%
"Parallel" where front lines were near for most of the war 38th
63%
First leader of North Korea after war Kim Il-sung
58%
After two months, South forces were forced back to this point: The Pusan Perimeter
48%
First leader of South Korea after war Rhee Syng-Man
29%
Place where amphibous UN counter attack was launched Inchon
27%
River Chinese forces crossed in October 1950 Yalu
27%
No matching quizzes found
Score Distribution
Percent of People with Each Score
Percentile by Number Answered
Your Score History
You have not taken this quiz